Innovation as a part of product policy
Guardado en:
| Autor principal: | |
|---|---|
| Otros Autores: | , |
| Formato: | Capítulo de libro |
| Lenguaje: | inglés |
| Etiquetas: |
Sin Etiquetas, Sea el primero en etiquetar este registro!
|
MARC
| LEADER | 00000naa$a2200000$$$4500 | ||
|---|---|---|---|
| 001 | 0063387 | ||
| 005 | 20240502083151.8 | ||
| 041 | 0 | |a eng | |
| 044 | |a PL | ||
| 245 | 1 | 0 | |a Innovation as a part of product policy |c Marta Karkalíková, Alica Lacková, Ľubica Knošková |
| 100 | 1 | |a Karkalíková, Marta | |
| 700 | 1 | |a Lacková, Alica | |
| 700 | 1 | |a Knošková, Ľubica, 1965- | |